Islamiyat (Compulsory) / (Record no. 613683)
[ view plain ]
| 000 -LEADER | |
|---|---|
| fixed length control field | 00330nam a22001217a 4500 |
| 082 ## - DEWEY DECIMAL CLASSIFICATION NUMBER | |
| Classification number | 297.07 |
| Author Mark | RAN |
| 100 ## - MAIN ENTRY--PERSONAL NAME | |
| Personal name | Rana, Muhammad Zafar |
| 245 ## - TITLE STATEMENT | |
| Title | Islamiyat (Compulsory) / |
| Statement of responsibility, etc. | Muhammad Zafar Rana & Hafiz Abdul Rehman |
| 260 ## - PUBLICATION, DISTRIBUTION, ETC. | |
| Place of publication, distribution, etc. | Lahore : |
| Name of publisher, distributor, etc. | Ilmi Kitab Khana, |
| Date of publication, distribution, etc. | N.A. |
| 300 ## - PHYSICAL DESCRIPTION | |
| Extent | 271 p. |
| 563 ## - BINDING INFORMATION | |
| Binding note | PB. |
| 942 ## - ADDED ENTRY ELEMENTS (KOHA) | |
| Source of classification or shelving scheme | |
| Koha item type | Book |
| Withdrawn status | Lost status | Source of classification or shelving scheme | Damaged status | Not for loan | Permanent Location | Current Location | Date acquired | Total Checkouts | Full call number | Barcode | Date last seen | Price effective from | Koha item type |
|---|---|---|---|---|---|---|---|---|---|---|---|---|---|
| NUST Law School (NLS) | NUST Law School (NLS) | 05/08/2025 | 297.07 RAN | NLSD-62 | 05/08/2025 | 05/08/2025 | Book |
